Autisme, suatu pengenalan dan pengalaman
| Main Author: | |
|---|---|
| Format: | Book |
| Published: |
Selangor :
Venton Publishing (M) Sdn Bhd ,
2004
|
| Subjects: |
MARC
| LEADER | 00000cam a2200000 7i4500 | ||
|---|---|---|---|
| 001 | 0000015638 | ||
| 005 | 20080401.0 | ||
| 008 | 080401 | ||
| 020 | |a 9833526826 | ||
| 090 | 0 | 0 | |a 616.85882009595 |b ABD |
| 100 | 0 | |a Abdul Rashid A.Latiff | |
| 245 | 1 | 0 | |a Autisme, suatu pengenalan dan pengalaman |c Abdul Rashid Bin A.Latiff |
| 260 | |a Selangor : |b Venton Publishing (M) Sdn Bhd , |c 2004 | ||
| 650 | 0 | |a Autism | |
| 650 | 0 | |a Autism in children |z Malaysia | |
| 999 | |a 0001018149 |b Book |c Adult Collection |e Perbadanan Perpustakaan Awam Johor | ||